Najdłuższe granice Państw - Losowe - Statystyki

Ogólne statystyki
  • Ten quiz został rozwiązany 363 razy
  • Średni wynik to 17 z 20
Statystyki odpowiedzi
Km Państwo Najdłuższa granica % Poprawnych
585 Zjednoczone Emiraty Arabskie Arabia Saudyjska
100%
640 Litwa Białoruś
100%
5308 Argentyna Chile
100%
796 Polska Czechy
100%
620 Belgia Francja
100%
1232 Portugalia Hiszpania
100%
1458 Irak Iran
100%
360 Wielka Brytania Irlandia
100%
1232 Hiszpania Portugalia
100%
1313 Finlandia Rosja
100%
723 Gruzja Rosja
100%
8893 Kanada Stany Zjednoczone
100%
3326 Meksyk Stany Zjednoczone
100%
3.2 Watykan Włochy
100%
39 San Marino Włochy
100%
1880 Paragwaj Argentyna
97%
787 Azerbejdżan Armenia
97%
4673 Mongolia Chiny
97%
577 Holandia Niemcy
97%
352 Kosowo Serbia
97%
494 Grecja Bułgaria
96%
1115 Libia Egipt
96%
623 Francja Hiszpania
96%
588 Łotwa Litwa
96%
7591 Kazachstan Rosja
96%
476 Serbia Rumunia
96%
608 Bułgaria Rumunia
96%
1937 Sudan Południowy Sudan
96%
8893 Stany Zjednoczone Kanada
95%
238 Korea Południowa Korea Północna
95%
677 Wegry Słowacja
95%
2219 Kolumbia Wenezuela
95%
1458 Jemen Arabia Saudyjska
94%
932 Bośnia i Hercegowina Chorwacja
94%
65 Andora Hiszpania
94%
1690 Nepal Indie
94%
1458 Iran Irak
94%
667 Słowacja Węgry
94%
932 Chorwacja Bośnia i Hercegowina
93%
1560 Peru Brazylia
93%
228 Timor Wschodni Indonezja
93%
824 Papua-Nowa Gwinea Indonezja
93%
810 Czechy Niemcy
93%
990 Białoruś Rosja
93%
740 Włochy Szwajcaria
93%
360 Irlandia Wielka Brytania
93%
5308 Chile Argentyna
92%
787 Armenia Azerbejdżan
92%
608 Rumunia Bułgaria
92%
1416 Korea Północna Chiny
92%
266 Izrael Egipt
92%
246 Macedonia Północna Grecja
92%
333 Estonia Łotwa
92%
68 Dania Niemcy
92%
1576 Ukraina Rosja
92%
939 Mołdawia Ukraina
92%
60 Katar Arabia Saudyjska
91%
148 Luksemburg Belgia
91%
3400 Boliwia Brazylia
91%
282 Albania Grecja
91%
2430 Afganistan Pakistan
91%
430 Eswatini Południowa Afryka
91%
985 Urugwaj Brazylia
90%
2912 Pakistan Indie
90%
4053 Bangladesz Indie
90%
1458 Arabia Saudyjska Jemen
90%
1427 Algieria Maroko
90%
1608 Niger Nigeria
90%
922 Honduras Nikaragua
90%
734 Szwajcaria Włochy
90%
676 Oman Arabia Saudyjska
89%
4.4 Monako Francja
89%
1782 Indoenzja Malezja
89%
381 Brunei Malezja
89%
4677 Chiny Mongolia
89%
1619 Szwecja Norwegia
89%
1619 Norwegia Szwecja
89%
275 Dominikana Haiti
88%
605 Bhutan Indie
88%
330 Panama Kostaryka
88%
909 Lesotho Południowa Afryka
88%
822 Syria Turcja
88%
1099 Kirgistan Uzbekistan
88%
1754 Laos Tajlandia
87%
430 Austria Włochy
87%
965 Tunezja Algieria
86%
1747 Republika Środkowoafrykańska Demokratyczna Republika Konga
86%
1033 Erytrea Etiopia
86%
6846 Rosja Kazachstan
86%
673 Gujana Brazylia
85%
275 Haiti Dominikana
85%
1640 Somalia Etiopia
85%
2236 Mali Mauretania
85%
1975 Kamerun Nigeria
85%
1273 Egipt Sudan
85%
225 Czarnogóra Bośnia i Hercegowina
84%
1969 Południowa Afryka Botswana
84%
2200 Wenezuela Brazylia
84%
670 Słowenia Chorwacja
84%
1782 Malezja Indonezja
84%
1650 Wietnam Laos
84%
330 Kostaryka Panama
84%
1937 Sudan Sudan Południowy
84%
375 Liban Syria
84%
930 Kambodża Wietnam
84%
342 Salwador Honduras
83%
2185 Mjanma Chiny
82%
600 Surinam Gujana
82%
1800 Tajlandia Mjanma
82%
2236 Mauretania Mali
81%
769 Tanzania Kenia
80%
1564 Maroko Mauretania
80%
1969 Botswana Południowa Afryka
80%
390 Dżibuti Etiopia
79%
4053 Indie Bangladesz
78%
822 Turcja Syria
78%
1640 Etiopia Somalia
77%
877 Togo Ghana
76%
1621 Turkemnistan Uzbekistan
76%
2646 Angola Demokratyczna Republika Konga
75%
350 Gwinea Równikowa Gabon
75%
421 Gwinea Bissau Gwinea
74%
740 Gambia Senegal
72%
1975 Nigeria Kamerun
71%
2646 Demokratyczna Republika Konga Angola
70%
867 Kenia Etiopia
70%
877 Ghana Togo
70%
290 Rwanda Burundi
69%
266 Belize Gwatemala
69%
1206 Tadżykistan Afganistan
68%
744 Jordania Arabia Saudyjska
68%
716 Liberia Wybrzeże Kości Słoniowej
68%
3400 Brazylia Boliwia
67%
961 Gwatemala Meksyk
67%
1544 Namibia Botswana
66%
877 Uganda Demokratyczna Republika Konga
66%
813 Senegal Mauretania
66%
1930 Zambia Demokratyczna Republika Konga
65%
2567 Gabon Kongo
65%
794 Sierra Leone Gwinea
63%
1325 Burkina Faso Mali
63%
1231 Zimbabwe Mozambik
63%
922 Nikaragua Honduras
61%
242 Kuwejt Irak
61%
2567 Kongo Gabon
59%
1569 Malawi Mozambik
59%
1569 Mozambik Malawi
56%
589 Burundi Tanzania
52%
1062 Gwinea Mali
50%
1556 Czad Republika Środkowoafrykańska
44%
816 Wybrzeże Kości Słoniowej Gwinea
43%
Nie znaleziono quizów pasujących do podanych kryteriów
Rozkład punktacji
Procent ludzi z każdym wynikiem
Percentyl według liczby udzielonych odpowiedzi
Twoja historia wyników
Nie rozwiązałeś tego quizu